Visualizzazione normale
Vista MARC
- Affinati Eraldo
di Personal Name
Records bibliografici associati: 1
001 - CONTROL NUMBER
- control field: 60430
003 - CONTROL NUMBER IDENTIFIER
- control field:
005 - DATE AND TIME OF LATEST TRANSACTION
- control field: 20240112150112.0
008 - FIXED-LENGTH DATA ELEMENTS
- fixed length control field: 240112|| aca||aabn | a|a d
040 ## - CATALOGING SOURCE
- Original cataloging agency:
- Transcribing agency:
100 ## - HEADING--PERSONAL NAME
- Personal name: Affinati Eraldo
670 ## - SOURCE DATA FOUND
- Source citation: Work cat.: ()359971: Affinati Eraldo, Il sogno di un' altra scuola., 2018